Women in terrorism : (Record no. 16152)

000 -LEADER
fixed length control field 01471cam a2200301 a 4500
001 - CONTROL NUMBER
control field 17059308
005 - DATE AND TIME OF LATEST TRANSACTION
control field 20170105102933.0
008 - FIXED-LENGTH DATA ELEMENTS--GENERAL INFORMATION
fixed length control field 111128s2012 cau b 001 0 eng
010 ## - LIBRARY OF CONGRESS CONTROL NUMBER
LC control number 2011049067
020 ## - INTERNATIONAL STANDARD BOOK NUMBER
International Standard Book Number 9788132106951 (hc)
040 ## - CATALOGING SOURCE
Original cataloging agency DLC
Transcribing agency DLC
Modifying agency DLC
042 ## - AUTHENTICATION CODE
Authentication code pcc
043 ## - GEOGRAPHIC AREA CODE
Geographic area code a-ce---
050 00 - LIBRARY OF CONGRESS CALL NUMBER
Classification number HV6433.S75
Item number H47 2012
082 00 - DEWEY DECIMAL CLASSIFICATION NUMBER
Classification number 363.325092/52095493
Edition number 23
Author Mark HER 2012
100 1# - MAIN ENTRY--PERSONAL NAME
Personal name Herath, Tamara.
245 10 - TITLE STATEMENT
Title Women in terrorism :
Remainder of title case of the LTTE /
Statement of responsibility, etc. Tamara Herath.
260 ## - PUBLICATION, DISTRIBUTION, ETC.
Place of publication, distribution, etc. New Delhi ;
-- London :
Name of publisher, distributor, etc. SAGE Publications,
Date of publication, distribution, etc. 2012.
300 ## - PHYSICAL DESCRIPTION
Extent xii, 242 p. ;
Dimensions 23 cm.
504 ## - BIBLIOGRAPHY, ETC. NOTE
Bibliography, etc. note Includes bibliographical references (p. 214-233) and index.
505 0# - FORMATTED CONTENTS NOTE
Formatted contents note Entering a Tiger's Lair -- The Lions and the Tigers : a historical overview of the Sri Lankan conflict and the role of women -- Displacement and contributing factors to joining the ltte -- The Tiger family : kin identity amongst women combatants of the LTTE -- Death and the suicide bomber -- Ah-lu-mai : equality and empowerment of the new woman, Puthumai Pen -- Ending a journey : final reflections -- Bibliography -- Index -- About the author.
610 20 - SUBJECT ADDED ENTRY--CORPORATE NAME
Corporate name or jurisdiction name as entry element Tamil̲īl̲a Viṭutalaippulikaḷ (Association)
650 #0 - SUBJECT ADDED ENTRY--TOPICAL TERM
Topical term or geographic name entry element Women terrorists
Geographic subdivision Sri Lanka
Form subdivision Biography.
651 #0 - SUBJECT ADDED ENTRY--GEOGRAPHIC NAME
Geographic name Sri Lanka
General subdivision History.
906 ## - LOCAL DATA ELEMENT F, LDF (RLIN)
a 7
b cbc
c orignew
d 1
e ecip
f 20
g y-gencatlg
942 ## - ADDED ENTRY ELEMENTS (KOHA)
Source of classification or shelving scheme
Koha item type Book
Holdings
Withdrawn status Lost status Damaged status Not for loan Collection code Permanent Location Current Location Shelving location Date acquired Total Checkouts Total Renewals Full call number Barcode Date last seen Date last checked out Price effective from Koha item type
          Centre for International Peace & Stability (CIPS) Centre for International Peace & Stability (CIPS) General Stacks 05/29/2015 1 1 363.3250925 HER 2012 CIPS0002608 01/05/2026 10/22/2025 01/05/2017 Book
© 2023 Central Library, National University of Sciences and Technology. All Rights Reserved.